| 000 | 01045nam a2200253 a 4500 | ||
|---|---|---|---|
| 001 | 000043454 | ||
| 005 | 20210421113909.0 | ||
| 008 | 140318s2013 dr ad 000 0 spa d | ||
| 020 | _a9781936291793 | ||
| 040 |
_aDO-SdBNP _bspa _cBNPHU |
||
| 082 |
_a305.42 _bP273p |
||
| 245 | 0 | 0 |
_aParticipación política de mujeres indígenas y afrodescendientes : _blas experiencias de Bolivia, Colombia, Ecuador, Guatemala, Nicaragua y Panamá. |
| 260 |
_aSanto Domingo : _bONU Mujeres, _c2013. |
||
| 300 |
_a279 p. : _bil., gráfcs. ; _c29 cm. |
||
| 500 | _aA la cabeza de la portada: Trabajo Académico. | ||
| 504 | _aIncluye referencias bibliográficas y notas al pie de las páginas. | ||
| 590 | _aInventariado, 2018/MFF | ||
| 650 | 4 |
_aMujeres en américa latina _91931 |
|
| 650 | 4 |
_aMujeres en el desarrollo social _921073 |
|
| 650 | 0 |
_aMujeres en la política _92451 |
|
| 650 | 4 |
_aMujeres _xParticipación política _xInvestigaciones _935805 |
|
| 650 | 4 |
_aMinorías _xEstatus legal, leyes, etc. _971141 |
|
| 910 | _aValidado. Control de calidad EMS | ||
| 999 |
_c42943 _d42943 |
||